Modern law of real property and trusts (Record no. 103133)

MARC details
000 -LEADER
fixed length control field 01916cam a2200553 4500
008 - FIXED-LENGTH DATA ELEMENTS--GENERAL INFORMATION
fixed length control field 031028n2003 000 0 eng u
020 ## - INTERNATIONAL STANDARD BOOK NUMBER
International Standard Book Number 0406964408
035 ## - SYSTEM CONTROL NUMBER
System control number (Sirsi) u124080
041 ## - LANGUAGE CODE
Language code of text/sound track or separate title eng
050 ## - LIBRARY OF CONGRESS CALL NUMBER
Classification number 346.41043
-- 18
245 ## - TITLE STATEMENT
Title Modern law of real property and trusts
260 ## - PUBLICATION, DISTRIBUTION, ETC.
Place of publication, distribution, etc. London
Name of publisher, distributor, etc. Butterworths
Date of publication, distribution, etc. 2003
300 ## - PHYSICAL DESCRIPTION
Extent xlix, 332p.
Dimensions 26cm
350 ## - PRICE (NR) (BK AM CF MU VM SE) [OBSOLETE]
Price 29.95
505 ## - FORMATTED CONTENTS NOTE
Formatted contents note Trusts: the inessentials
505 ## - FORMATTED CONTENTS NOTE
Formatted contents note Usucapio and the law of trusts
505 ## - FORMATTED CONTENTS NOTE
Formatted contents note Formality and informality in property and contract
505 ## - FORMATTED CONTENTS NOTE
Formatted contents note The motive, not the deed
505 ## - FORMATTED CONTENTS NOTE
Formatted contents note Restitution through the looking glass: restitution within equity and equity within restitution
505 ## - FORMATTED CONTENTS NOTE
Formatted contents note Professional liability in the will-making process
505 ## - FORMATTED CONTENTS NOTE
Formatted contents note Form and substance
505 ## - FORMATTED CONTENTS NOTE
Formatted contents note Tackling avoidance
505 ## - FORMATTED CONTENTS NOTE
Formatted contents note Registered land - a law unto itself?
505 ## - FORMATTED CONTENTS NOTE
Formatted contents note The rhetoric of realty
505 ## - FORMATTED CONTENTS NOTE
Formatted contents note Roman and English prescription for incorporeal property
505 ## - FORMATTED CONTENTS NOTE
Formatted contents note Reading Roman law with Edward Burn.
520 ## - SUMMARY, ETC.
Summary, etc. A collection of essays in honour of Edward Burn, a leading expert in English property and trust law as well an academic and writer. Tables of statutes and cases.
650 ## - SUBJECT ADDED ENTRY--TOPICAL TERM
Topical term or geographic name entry element PROPERTY TRUSTS
650 ## - SUBJECT ADDED ENTRY--TOPICAL TERM
Topical term or geographic name entry element EQUITY
650 ## - SUBJECT ADDED ENTRY--TOPICAL TERM
Topical term or geographic name entry element PROPERTY LAW
650 ## - SUBJECT ADDED ENTRY--TOPICAL TERM
Topical term or geographic name entry element REGISTERED LAND
650 ## - SUBJECT ADDED ENTRY--TOPICAL TERM
Topical term or geographic name entry element REAL PROPERTY
690 ## - LOCAL SUBJECT ADDED ENTRY--TOPICAL TERM (OCLC, RLIN)
Topical term or geographic name as entry element PROPERTY
700 ## - ADDED ENTRY--PERSONAL NAME
Personal name Getzler, Joshua
International Standard Serial Number Editor
700 ## - ADDED ENTRY--PERSONAL NAME
Personal name Honore, Tony
700 ## - ADDED ENTRY--PERSONAL NAME
Personal name Hackney, Jeffrey
700 ## - ADDED ENTRY--PERSONAL NAME
Personal name Cartwright, John
700 ## - ADDED ENTRY--PERSONAL NAME
Personal name Smith, Lionel
700 ## - ADDED ENTRY--PERSONAL NAME
Personal name Virgo, Graham
700 ## - ADDED ENTRY--PERSONAL NAME
Personal name Slade, Christopher John
Titles and other words associated with a name Sir
Dates associated with a name 1927-
700 ## - ADDED ENTRY--PERSONAL NAME
Personal name Templeman of White Lackington,Sydney William Templeman
Titles and other words associated with a name Baron
Dates associated with a name 1920-
700 ## - ADDED ENTRY--PERSONAL NAME
Personal name McFarlane, Ben
700 ## - ADDED ENTRY--PERSONAL NAME
Personal name Simpson, Edwin
700 ## - ADDED ENTRY--PERSONAL NAME
Personal name Harpum, Charles
700 ## - ADDED ENTRY--PERSONAL NAME
Personal name Gray, Kevin
700 ## - ADDED ENTRY--PERSONAL NAME
Personal name Gray, Susan Francis
700 ## - ADDED ENTRY--PERSONAL NAME
Personal name Smart, Ann
942 ## - ADDED ENTRY ELEMENTS (KOHA)
Suppress in OPAC 0
Holdings
Withdrawn status Lost status Source of classification or shelving scheme Damaged status Not for loan Home library Current library Shelving location Date acquired Cost, normal purchase price Total Checkouts Full call number Barcode Date last seen Copy number Cost, replacement price Price effective from Koha item type
    Other/Generic Classification Scheme     London London Books 12/12/2003 29.95   346.41043 GET 30068924 06/08/2019 1 29.95 06/08/2019 Book